Quizzes
Events
Quiz Creation
Community
Videos
Private Events
Remove Ads
Sign In
Join for FREE
Feedback
Dark Mode
Quiz Categories
Sports
Geography
Music
Movies
Television
Just For Fun
Miscellaneous
History
Literature
Language
Science
Gaming
Entertainment
Religion
Holiday
For Kids
Quiz Lab
Recent
Popular Today
Quiz Kudos Today
Editor Picks
Curator Picks
Quizzes by...
Day
Popularity
Type
Ratings
Length
Year
Community
Subscriptions
Recent Discussions
Orange Saloon
Badges
Playlists
Quests
Create
Leaderboards
Showdown
Live 5
Trivia Bingo
Activity
Puzzle Library
Sporcle Events
Private Events
Virtual Trivia
Globe League
Become a Host
Pub Owners
SporcleCon
Opinionation
Our Games
Videos
Blog
Mobile Apps
Partnerships
Remove Ads and Go Orange
Feedback
Movies
Disney
Marvel Cinematic Universe
Movie Resume
Movie Titles
Oscar
Actor
Actress
Director
Pixar
Role
Movie Quotes
Movie Characters
Box Office
Nominee
Best Picture
Star Wars
James Bond
Horror Movies
Movies
Disney
Marvel Cinematic Universe
Movie Resume
Movie Titles
Oscar
Actor
Actress
Director
Pixar
Role
Movie Quotes
Movie Characters
Box Office
Nominee
Best Picture
Star Wars
James Bond
Horror Movies
Random Quiz
Search Sporcle
×
Quiz Lab
Quiz Lab
Movies
Actor
Type in answers that appear in a list
Type in answers that appear in a list
Classic
Best Score? Go Orange.
Movie Cluedo Stats
Can you name the information about each movie death?
By
chevand
18m
182 Questions
138 Plays
138 Plays
138 Plays
Comments
Comments
Give Quiz Kudos
Give Quiz Kudos
-
- Ratings
hide this ad
More Info
Replay
Link that replays current quiz
Next Quiz
Link to next quiz in quiz playlist
You Got
0%
They Got
Avg Score
51%
Avg Friend Score
Upgrade to see
Score Distribution
Jump to the score distribution portion of the page
Score
0/182
Timer
18:00
0
Plays Today
% Correct
Knife
87.7%
Han
83.3%
Alec Guinness
82.6%
Marion Crane
81.9%
Jack
81.2%
Hans Gruber
80.4%
American Psycho
79.7%
Paul Allen
79.7%
Pencil
79.7%
Fatal Attraction
79%
Goodfellas
79%
Lester Burnham
79%
Samuel L. Jackson
79%
Jack Torrance
79%
Friday the 13th
78.3%
No Country For Old Men
78.3%
James Bond
78.3%
Lobby
78.3%
Handgun
78.3%
Handgun
78.3%
Handgun
78.3%
Handgun
78.3%
Handgun
78.3%
Michael Madsen
77.5%
Trailer
77.5%
Full Metal Jacket
76.8%
Carson Wells
76.8%
Angel
76.8%
Dick Halloran
76.8%
Ian Holm
76.8%
Rick Deckard
76.8%
Hector the Toad
76.8%
Paul Sheldon
76.8%
Anne Archer
76.8%
Betsy Palmer
76.8%
Mandy Patinkin
76.8%
Hotel Room
76.8%
Black Mamba
76.8%
Apocolypse Now
76.1%
Gambol's Thug
76.1%
Sgt. Hartmann
76.1%
Eleanor Iselin
76.1%
Shan Yu
76.1%
Count Tyrone Rugen
76.1%
Harry Temple
76.1%
Marlon Brando
76.1%
Charles Venn
76.1%
James Shigeta
76.1%
Kien Shih
76.1%
Robert Shaw
76.1%
Dan Aykroyd
76.1%
Anthony Ray Parker
76.1%
Miguel Ferrer
76.1%
Pepe Serna
76.1%
Parker
76.1%
Frank Fitts
76.1%
Beth Gallagher
76.1%
Howard Payne
76.1%
Raymond Shaw
76.1%
John Cusack
76.1%
Laurence Harvey
76.1%
% Correct
Al Israel
76.1%
Mess Hall
76.1%
Bedchamber
76.1%
Sebastian's Apartment
76.1%
Conference Room
76.1%
Bunkhouse
76.1%
Train Compartment
76.1%
Hall of Mirrors
76.1%
Convention Hall
76.1%
Core of the Nebuchadnezzar
76.1%
Foyer
76.1%
Palace Roof
76.1%
Castle Banquet Hall
76.1%
Death Star Hallway
76.1%
Fire Extinguisher/Flamethrower
76.1%
Spear
76.1%
Wire Garrotte
76.1%
M14 Rifle
76.1%
Pig Sculpture
76.1%
Lightning Rifle
76.1%
Star Wars, Episode IV: A New Hope
60.1%
Darth Vader
58%
The Shining
55.8%
Obi-Wan Kenobi
55.8%
Jack Nicholson
55.1%
Christian Bale
52.2%
Psycho
51.4%
Norman Bates
51.4%
Lightsaber
50%
American Beauty
49.3%
Axe
49.3%
Axe
49.3%
Die Hard
47.1%
Head
46.4%
Kevin Spacey
45.7%
Bathroom
45.7%
Bathroom
45.7%
Bathroom
45.7%
Patrick Bateman
43.5%
Anthony Perkins
43.5%
Kill Bill, Vol. 2
42.8%
Alan Rickman
42.8%
Glenn Close
42%
Kathy Bates
42%
David Prowse/James Earl Jones
42%
Sean Connery
42%
Joe Pesci
42%
Janet Leigh
38.4%
The Princess Bride
37.7%
Harrison Ford
37.7%
Javier Bardem
37.7%
Misery
37%
Sword
37%
Blade Runner
36.2%
Kitchen
35.5%
Kitchen
35.5%
Kitchen
35.5%
Joker
34.8%
Martin Sheen
34.8%
Inigo Montoya
34.1%
Anton Chigurh
34.1%
% Correct
Heath Ledger
34.1%
The Dark Knight
33.3%
Bedroom
33.3%
Col. Walter Kurtz
32.6%
Annie Wilkes
32.6%
Alien
31.9%
Jared Leto
31.9%
Living Room
31.9%
Living Room
31.9%
James Caan
31.2%
Darryl Hannah
29%
Tommy DeVito
29%
Chris Cooper
29%
Darryl Hannah
29%
Pamela Voorhees
27.5%
Pvt. Leonard 'Gomer Pyle' Lawrence
27.5%
Shotgun
27.5%
From Russia With Love
26.8%
Mulan
26.8%
Woody Harrelson
26.8%
Christopher Guest
26.1%
Scatman Crothers
26.1%
Machete
26.1%
Vincent D'Onofrio
25.4%
Bomb
24.6%
Speed
23.9%
Ash
23.9%
Kevin Bacon
23.9%
R. Lee Ermey
23.9%
Budd
23.2%
Grosse Pointe Blank
22.5%
The Matrix
22.5%
Elle Driver
21.7%
Dennis Hopper
21.7%
Alex Forrest
21%
Martin Q. Blank
21%
Mushu
21%
Eddie Murphy
21%
Fireworks
20.3%
Jeff Daniels
19.6%
Yaphet Kotto
19.6%
Joseph Takagi
18.1%
Chainsaw
18.1%
Pris
17.4%
Parnell 'Stacks' Edwards
17.4%
Capt. Benjamin Willard
17.4%
Cypher
17.4%
Arrow
17.4%
The Manchurian Candidate
15.9%
Joe Pantoliano
15.9%
Enter The Dragon
15.2%
Bruce Lee
15.2%
Angela Lansbury
13.8%
Lee
13.8%
Scarface
13%
Dozer
11.6%
Television
11.6%
Grocer
10.1%
Sniper Rifle
10.1%
Red Grant
9.4%
Quiz Playlist
Details
Report
Send in Message
Add To Playlist
More Info:
Whodunnit? Figure out the information for each movie death using the clues provided. Type "clues" to begin. SPOILER ALERT!!
Classic:
Type in answers that appear in a list
Last Updated: Apr 9, 2017
Quiz Scoreboard
CHALLENGE
Sign Up to Join the Scoreboard
Show All
Scores
Hide
Comments
May contain spoilers
Recently Published
College Basketball Coaching Resumes
by pancakes188
Sports
9m
Billboard Blitz: Fleetwood Mac
by CooCooCachoo
Music
15s
Presidents Visiting Landmarks
by Hejman
History
7m
More to Explore
Quiz From the Vault
Featured Blog Post
Where Did the Easter Bunny Come From?
hide this ad
You Might Also Like...
Tags
Actor Quiz
Movie Titles Quiz
Clue(do)
death
Killer
room
Weapons
Today's Top Quizzes in Movies
Browse Movies
hide this ad
Today's Top Quizzes in Actor
Browse Actor
Top Contributed Quizzes in Movies
1
Pick 5 Posters: Directed by Spielberg
2
7-to-1: Pixar Characters
3
Pick 5 Posters: Lowest-Rated Spielberg
4
Sorting Actors
5
Pick 5 Posters: Directed by Scorsese
6
Sorting Actresses
7
Pick 5 Posters: Star & Director
8
Pick 5 Posters: Women Directed 2020s
9
12 Movies about Fictional 1960s Events
10
Multi-Oscar Nominations, One Movie, One Winner
Explore More
Trending Topics
Crossword
Disney
Kpop
NBA
Anime
Marvel
Harry Potter
Soccer
Puzzle
Country
WWE
Pokémon
The Office
Song
NFL
hide this ad
More By:
chevand
Quiz
Plays
Rating
Category
Featured
Created
Alphabetically Divided (North America)
55,596
4.65
Geography
Nov 19, 2011
States by Historical Photo
21,870
4.67
History
Feb 10, 2017
Eagles or Eagles?
21,403
4.78
Entertainment
Dec 23, 2018
Sonic Character Logic Puzzle
8,971
3.08
Gaming
Nov 30, 2015
Presidents by Artists' #1s
1,594
4.38
Music
Nov 13, 2012
Go to Creator's Profile
Score Distribution
Quiz Creator Spotlight
chevand
Follow
Send a Message
Quizzes Created
-
Created Quiz Play Count
-
More By This Creator
Popular Quizzes Today
1
Find the US States - No Outlines Minefield
2
Find the Countries of Europe - No Outlines Minefield
3
The Countries of the World
4
Find the US States
5
Risky Map Clicking: Biggest States A-Z
6
US States
7
Popular People in 1961
8
Movies - When Are They Set?
More Movies Quizzes
One-Word Movies (1980s)
Published
Trending Quizzes
Risky Map Clicking: Least Populous States A-Z
1-10 Letter G Words
1-10 Letter F Words
Risky Map Clicking: Next State Alphabetically
Risky Map Clicking: Biggest States A-Z
Recently Updated
Leaping Animals
pecheneg
Reality TV Shows (A-Z)
bhenderson79
Rickey Henderson's Hall of Fame Teammates
pecheneg
Champions League XIs: Arsenal
pecheneg
Quick Pick: Celebrities in WWE's Hall of Fame
aduchscher
A-Z Keypad Blitz II
pecheneg
Multiple Oscar Actors
pecheneg
Mystery Phrase Blitz: Oscar 'Best Actors'
pecheneg
F. Scott Fitzgerald Novels
LTH
Pick 3 Villains
ddd62291
Trending Topics
Kpop
Harry Potter
Crossword
Marvel
Disney
Anime
NBA
Country
Puzzle
NFL
WWE
Soccer
Song
The Office
Pokémon
Your Account Isn't Verified!
In order to create a playlist on Sporcle, you need to verify the email address you used during registration. Go to your
Sporcle Settings
to finish the process.
Report this User
Report this user for behavior that violates our
Community Guidelines
.
Details:
Send Report
Go to the Sporcle.com Mobile Site →
Comments